000 00265nam a2200097 4500
999 _c517210
_d517210
082 _aTNC A99 Sh23
100 _aSharma, Subhash.
_924754
245 _aWisdom & consciousness from the east: Life living & leadership
260 _aBangalore
_bIBA
_c2013
300 _a212p